000 01063cab a22002295a 4500
001 L155712
008 120410e2012 xxk 000 0 eng d
035 _a(Sirsi) u155712
041 0 _aeng
110 2 _aEuroProperty
_91216
245 0 0 _aSurvey
_bNordic countries
260 _c2012
490 0 _aEuroProperty
_v2 April 2012, 17-21(5)
520 _aProperty investments in the Nordic region reached Euros 16.9bn in 2011 according to CBRE , down 5% on 2010: Denmark reported Euros 1.53 bn in H2 2011; Finland's 2011 total was Euros 1.77bn; Norway saw a 2011 turnover of Euros 4bn; and Sweden totalled Euros 10.47bn in 2011. Swedish GDP figures for Q4 2011 are the strongest evidence yet that the Eurozone crisis is affecting the region. Sweden is currently an attractive market for international property investors but unleveraged local players are favoured in competition to get core assets.
590 _aKA
651 4 _aSweden
651 4 _aFinland
651 4 _aDenmark
651 4 _aNorway
690 _aCommercial property
_96227
942 _n0
999 _c83902
_d83902